Para leer El Príncipe de Maquiavelo

Guardat en:
Dades bibliogràfiques
Autor principal: Miranda, Carlos E. (autor)
Altres autors: Oro Tapia, Luis R. (autor)
Format: Llibre
Idioma:espanyol
Publicat: Santiago RIL 2001
Santiago Universidad Andrés Bello 2001
Santiago Universidad Finis Terrae 2001
Matèries:
Etiquetes: Afegir etiqueta
Sense etiquetes, Sigues el primer a etiquetar aquest registre!

MARC

LEADER 00000nam a2200000 a 4500
001 UCL3554
003 CL-VaPUC
008 031128e20010000cl |||||||||||||||||spa|d
020 |a 9562841901 
082 0 4 |a 320.1  |b MIR  |2 21 
100 |a Miranda, Carlos E.  |e autor  |9 480872 
700 |a Oro Tapia, Luis R.  |e autor  |9 578454 
245 1 0 |a Para leer El Príncipe de Maquiavelo 
300 |a 176 p 
942 |c BK 
945 |d 20031128 00:00:00  |a cmena 
260 |a Santiago  |b RIL  |c 2001 
260 |a Santiago  |b Universidad Andrés Bello  |c 2001 
260 |a Santiago  |b Universidad Finis Terrae  |c 2001 
650 7 |a FILOSOFIA POLITICA  |2 CL-VaPUC  |9 480874 
650 0 |a Ciencias Políticas  |9 255201 
650 0 |a Etica política   |9 255799 
583 |a last modification  |c 20171211 02:38:57  |k Rodrigo Vera 
999 |c 306575  |d 306573 
952 |0 0  |1 0  |4 0  |6 320_100000000000000_MIR_2001_2001_2001  |7 0  |8 A  |9 371681  |a BIBHIS  |b BIBHIS  |d 2019-11-21  |i 3968731  |o 320.1 MIR 2001 2001 2001  |p 3968731  |r 2025-01-20  |w 2019-11-21  |y BK  |k HIS 
952 |0 0  |1 0  |4 0  |6 320_100000000000000_MIR_2001_2001_2001  |7 0  |8 A  |9 371682  |a BIBDER  |b BIBDER  |d 2019-11-21  |i 4002377  |o 320.1 MIR 2001 2001 2001  |p 4002377  |r 2023-01-25  |w 2019-11-21  |y BK  |k DER